|
|
|
|
| LEADER |
00000nam a22000007a 4500 |
| 005 |
20140716003559.0 |
| 007 |
cr|||| ||| |
| 008 |
140716s2013 es |||||s|||| 00||0 spa d |
| 020 |
|
|
|a 978-84-9031-966-6
|
| 035 |
|
|
|a 12305
|
| 040 |
|
|
|a vLex
|
| 090 |
|
|
|c 5085
|d 5085
|
| 100 |
1 |
|
|a Badiola De̕z, Ramn̤
|
| 245 |
1 |
0 |
|a Ley de la Jurisdiccin̤ Contencioso-Administrativa
|h [Recurso electrn̤ico] /
|c Ramn̤ Badiola De̕z, Paloma Muįz Carrin̤
|
| 256 |
|
|
|a Servicio en ln̕ea
|
| 260 |
|
|
|a Madrid:
|b Dykinson,
|c 2013
|
| 300 |
|
|
|a 1 recurso electrn̤ico
|
| 500 |
|
|
|a Adaptacin̤ prc̀tica de la reforma de la legislacin̤ procesal en materia de la jurisdiccin̤ contencioso-administrativa, operada en virtud de la Ley 37/2011, de 10 de octubre, de medidas de agilizacin̤ procesal. Concordada con la Ley Orgǹica del Poder Judicial, Ley de Enjuiciamiento Civil y Ley 30/1992, de 26 de noviembre de Rǧimen Jurd̕ico de las Administraciones Pb︢licas y del Procedimiento Administrativo Comn︢
|
| 506 |
1 |
|
|a Disponible solo en los productos indicados
|d vLex Global
|d vLex Global (Academic Edition, excluding Law Schools)
|d vLex Global (U.S. Academic Edition, Law Schools)
|d vLex Global (U.S. Academic Edition, excluding Law Schools)
|d vLex Global (Academic Edition, Law Schools)
|
| 650 |
0 |
4 |
|a Derecho Pb︢lico y Administrativo
|z Espaą
|
| 700 |
1 |
|
|a Muįz Carrin̤, Paloma
|
| 740 |
0 |
|
|a vLex Libros (Servicio en ln̕ea)
|
| 856 |
4 |
0 |
|u http://vlex.com/source/ley-jurisdiccion-contencioso-administrativa-12305
|z Acceso restringido
|
| 942 |
|
|
|c BOOK
|
| 999 |
0 |
|
|a Public and Administrative Law
|